[Event "POL-ch Academic (Women)"]
[Site "Katowice"]
[Date "2018.02.02"]
[Round "4"]
[White "Graczyk, Natalia"]
[Black "Lach, Aleksandra"]
[Result "0-1"]
[WhiteElo "1769"]
[BlackElo "2209"]
[PlyCount "64"]
[EventDate "2018.02.02"]
[EventType "swiss (rapid)"]
[EventRounds "9"]
[EventCountry "POL"]
[SourceTitle "CBM 182 Extra"]
[Source "ChessBase"]
[SourceDate "2018.02.23"]
[SourceVersion "1"]
[SourceVersionDate "2018.02.23"]
[SourceQuality "1"]

1. e4 c5 2. Nf3 d6 3. d4 cxd4 4. Nxd4 Nf6 5. Nc3 a6 6. Be2 e5 7. Nb3 Be7 8. 0-0 0-0 9. Be3 Be6 10. f3 Nbd7 11. Qd2 Rc8 12. Rad1 Qc7 13. g4 b5 14. Bd3 Nc5 15. Rc1 Rfd8 16. g5 Nh5 17. Nd5 Bxd5 18. exd5 Nxd3 19. Qxd3 Qc4 20. Qxc4 bxc4 21. Nd2 c3 22. bxc3 Rxc3 23. Rfe1 Rdc8 24. Ne4 Rxc2 25. Rxc2 Rxc2 26. Rb1 f5 27. gxf6 Nxf6 28. Ng5 Rc8 29. Rb7 Nxd5 30. Bd2 Bxg5 31. Bxg5 h6 32. Bh4 Rc1+ 0-1

[Event "POL-ch Academic (Women)"]
[Site "Katowice"]
[Date "2018.02.02"]
[Round "6"]
[White "Graczyk, Natalia"]
[Black "Starczewska, Dominika"]
[Result "0-1"]
[WhiteElo "1769"]
[BlackElo "1991"]
[PlyCount "56"]
[EventDate "2018.02.02"]
[EventType "swiss (rapid)"]
[EventRounds "9"]
[EventCountry "POL"]
[SourceTitle "CBM 182 Extra"]
[Source "ChessBase"]
[SourceDate "2018.02.23"]
[SourceVersion "1"]
[SourceVersionDate "2018.02.23"]
[SourceQuality "1"]

1. e4 c5 2. Nf3 Nc6 3. d4 cxd4 4. Nxd4 Nf6 5. Nc3 e5 6. Nb3 Bb4 7. Bd3 d5 8. exd5 Nxd5 9. Bd2 Nxc3 10. bxc3 Bd6 11. 0-0 0-0 12. Qh5 f5 13. Bc4+ Kh8 14. Rad1 Qc7 15. Rfe1 Ne7 16. Bf1 Ng6 17. g3 Bd7 18. c4 e4 19. Nd4 Ne5 20. Bf4 Qb6 21. Nb5 Bxb5 22. cxb5 Nf3+ 23. Kg2 Nxe1+ 24. Rxe1 Bxf4 25. gxf4 Qc7 26. c4 Qxf4 27. Re3 Rad8 28. Rg3 Rd2 0-1

[Event "POL-chT U26 rapid"]
[Site "Hucisko"]
[Date "2016.01.16"]
[Round "1.12"]
[White "Cyfka, Karina"]
[Black "Graczyk, Natalia"]
[Result "1-0"]
[WhiteElo "2398"]
[BlackElo "1769"]
[PlyCount "75"]
[EventDate "2016.01.16"]
[EventType "team-swiss (rapid)"]
[EventRounds "9"]
[EventCountry "POL"]
[SourceTitle "CBM 170 Extra"]
[Source "ChessBase"]
[SourceDate "2016.02.25"]
[SourceVersion "1"]
[SourceVersionDate "2016.02.25"]
[SourceQuality "1"]
[WhiteTeam "Katowice UE"]
[BlackTeam "Katowice US"]
[WhiteTeamCountry "POL"]
[BlackTeamCountry "POL"]

1. d4 d5 2. c4 e6 3. Nf3 c6 4. e3 f5 5. Be2 Nf6 6. 0-0 Bd6 7. b3 0-0 8. Ba3 Ne4 9. Bxd6 Qxd6 10. Qc1 Nd7 11. Qa3 Qxa3 12. Nxa3 Ndf6 13. Rac1 Bd7 14. Ne5 Be8 15. f3 Nd6 16. Bd3 Nf7 17. b4 Nxe5 18. dxe5 Nd7 19. f4 Bh5 20. cxd5 cxd5 21. Nb5 Rac8 22. Nd6 Rxc1 23. Rxc1 Nb6 24. Nxb7 Rc8 25. Rxc8+ Nxc8 26. Nd8 Bf7 27. Kf2 Nb6 28. Nc6 Nc8 29. Ba6 Nb6 30. Nxa7 Be8 31. Bb5 Bxb5 32. Nxb5 Kf7 33. Ke2 Ke7 34. Kd3 Kd7 35. Nd4 h6 36. Nb3 Nc4 37. Nc5+ Ke7 38. a4 1-0

[Event "Polanica Zdroj op-B 48th"]
[Site "Polanica Zdroj"]
[Date "2012.08.23"]
[Round "6"]
[White "Graczyk, Natalia"]
[Black "Tomaszewski, Kacper"]
[Result "1/2-1/2"]
[WhiteElo "1779"]
[BlackElo "1939"]
[PlyCount "102"]
[EventDate "2012.08.18"]
[EventType "swiss"]
[EventRounds "9"]
[EventCountry "POL"]
[SourceTitle "EXT 2014"]
[Source "ChessBase"]
[SourceDate "2013.11.20"]
[SourceVersion "1"]
[SourceVersionDate "2013.11.20"]
[SourceQuality "1"]

1. e4 c5 2. Nf3 e6 3. d4 cxd4 4. Nxd4 Nc6 5. Be3 a6 6. Bd3 Qc7 7. 0-0 Nf6 8. Nc3 Bd6 9. Kh1 Nxd4 10. Bxd4 b5 11. Qe2 e5 12. Be3 Bb4 13. Bd2 Bxc3 14. Bxc3 d6 15. h3 g5 16. a4 g4 17. h4 bxa4 18. Rxa4 Nh5 19. g3 f5 20. exf5 Nf6 21. Kh2 Bb7 22. Bxa6 Rxa6 23. Rxa6 Bxa6 24. Qxa6 0-0 25. Qe2 Qd7 26. Qd3 Re8 27. Bd2 d5 28. Bh6 e4 29. Qc3 Qxf5 30. Qc7 Qg6 31. Be3 Qf5 32. b4 Rc8 33. Qd6 Ne8 34. Qe7 Nc7 35. c3 Qf7 36. Qg5+ Qg6 37. Qxg6+ hxg6 38. Bc5 Ne6 39. Bd4 Nc7 40. Rc1 Kf7 41. Kg1 Nb5 42. Bc5 Na3 43. Kf1 Nc4 44. Ra1 Rc7 45. Ra8 Nd2+ 46. Ke2 Nb1 47. Rf8+ Kg7 48. Rd8 Kf7 49. Rf8+ Kg7 50. Rd8 Kf7 51. Rf8+ Kg7 1/2-1/2

[Event "Polanica Zdroj op-B 48th"]
[Site "Polanica Zdroj"]
[Date "2012.08.20"]
[Round "3"]
[White "Czerw, Dawid"]
[Black "Graczyk, Natalia"]
[Result "1-0"]
[WhiteElo "1880"]
[BlackElo "1779"]
[PlyCount "89"]
[EventDate "2012.08.18"]
[EventType "swiss"]
[EventRounds "9"]
[EventCountry "POL"]
[SourceTitle "EXT 2014"]
[Source "ChessBase"]
[SourceDate "2013.11.20"]
[SourceVersion "1"]
[SourceVersionDate "2013.11.20"]
[SourceQuality "1"]

1. d4 d5 2. c4 e6 3. cxd5 exd5 4. Nc3 c6 5. Qb3 Nf6 6. Bf4 Be7 7. e3 0-0 8. Bd3 Nbd7 9. Nge2 Re8 10. 0-0 Nh5 11. Qc2 h6 12. Nxd5 Nxf4 13. Nxe7+ Qxe7 14. Nxf4 Nf6 15. Rfe1 Qd6 16. h3 g5 17. Ne2 g4 18. h4 Nd5 19. e4 Nb4 20. Qd2 Nxd3 21. Qxd3 Qe7 22. Ng3 Qxh4 23. Qd2 Bd7 24. Rac1 Rad8 25. Rc5 Qf6 26. Rh5 Kh7 27. e5 Qg6 28. Ne4 Kg7 29. Nf6 Re6 30. Re4 Rxf6 31. exf6+ Qxf6 32. Rhe5 Be6 33. b3 Rd7 34. Qe2 Rd6 35. Qe3 Qg6 36. Qg3 Qf6 37. Qf4 Qxf4 38. Rxf4 Kg6 39. Kh2 Rd7 40. Kg3 h5 41. Kh4 Rd5 42. Rfe4 Bf5 43. Rxd5 cxd5 44. Re7 Bb1 45. a3 1-0

[Event "POL-chT U19 1st League"]
[Site "Suchedniow"]
[Date "2012.07.??"]
[Round "3"]
[White "Graczyk, Natalia"]
[Black "Murawko, Katarzyna"]
[Result "0-1"]
[WhiteElo "1706"]
[BlackElo "1818"]
[PlyCount "72"]
[EventDate "2012.07.21"]
[EventType "team-swiss"]
[EventRounds "9"]
[EventCountry "POL"]
[SourceTitle "EXT 2014"]
[Source "ChessBase"]
[SourceDate "2013.11.20"]
[SourceVersion "1"]
[SourceVersionDate "2013.11.20"]
[SourceQuality "1"]
[WhiteTeam "Katowice Hetman Szopienice U19"]
[BlackTeam "Suwalki Hancza U19"]
[WhiteTeamCountry "POL"]
[BlackTeamCountry "POL"]

1. e4 c5 2. Nf3 e6 3. d4 cxd4 4. Nxd4 a6 5. Nc3 Qc7 6. Be3 Nf6 7. a3 d6 8. f3 Nbd7 9. Qd2 b5 10. Be2 Bb7 11. g4 Ne5 12. g5 Nfd7 13. f4 Nc4 14. Bxc4 Qxc4 15. 0-0-0 Rc8 16. Nb3 Qc7 17. f5 Ne5 18. Qe2 Nc4 19. Bf4 e5 20. Bg3 Nxa3 21. bxa3 Qxc3 22. Rd3 Qc4 23. Re1 Bxe4 24. Kb1 Bxd3 25. Qxd3 Qxd3 26. cxd3 Be7 27. d4 f6 28. gxf6 gxf6 29. dxe5 dxe5 30. Kb2 Kf7 31. Nd2 Rhd8 32. Nb1 Rd3 33. Re4 Rc4 34. Rxc4 bxc4 35. a4 Bb4 36. Kc2 e4 0-1

[Event "POL-ch U18 Girls"]
[Site "Murzasichle"]
[Date "2011.03.12"]
[Round "9"]
[White "Dobrzanska, Magdalena"]
[Black "Graczyk, Natalia"]
[Result "0-1"]
[WhiteElo "1439"]
[BlackElo "1673"]
[PlyCount "35"]
[EventDate "2011.03.05"]
[EventType "swiss"]
[EventRounds "9"]
[EventCountry "POL"]
[SourceTitle "EXT 2012"]
[Source "ChessBase"]
[SourceDate "2011.11.24"]
[SourceVersion "1"]
[SourceVersionDate "2011.11.24"]
[SourceQuality "1"]

1. d4 d5 2. c4 e6 3. Nf3 c6 4. Nc3 Nf6 5. Bg5 h6 6. Bh4 Be7 7. e3 0-0 8. Bd3 Nbd7 9. 0-0 dxc4 10. Bxc4 b5 11. Be2 Bb7 12. a3 a5 13. Qc2 Rc8 14. Qd2 Bd6 15. Ne4 Nxe4 16. Bxd8 Nxd2 17. Nxd2 Rfxd8 18. Rac1 0-1

[Event "POL-ch U18 Girls"]
[Site "Murzasichle"]
[Date "2011.03.09"]
[Round "6"]
[White "Graczyk, Natalia"]
[Black "Potyrala, Patrycja"]
[Result "1-0"]
[WhiteElo "1673"]
[BlackElo "1382"]
[PlyCount "55"]
[EventDate "2011.03.05"]
[EventType "swiss"]
[EventRounds "9"]
[EventCountry "POL"]
[SourceTitle "EXT 2012"]
[Source "ChessBase"]
[SourceDate "2011.11.24"]
[SourceVersion "1"]
[SourceVersionDate "2011.11.24"]
[SourceQuality "1"]

1. e4 c6 2. d4 d5 3. Nc3 dxe4 4. Nxe4 Bf5 5. Ng3 Bg6 6. Nf3 e6 7. h4 h5 8. Ne5 Nd7 9. Nxg6 fxg6 10. Bd3 Qf6 11. Bg5 Qf7 12. c3 Nh6 13. Qb3 Nb6 14. 0-0 Bd6 15. Rae1 Nd5 16. Ne4 Nf5 17. Nxd6+ Nxd6 18. c4 Nc7 19. c5 Ndb5 20. Bxb5 cxb5 21. d5 0-0 22. dxe6 Qe8 23. e7+ Rf7 24. Rd1 a5 25. Rd8 a4 26. Rxe8+ Rxe8 27. Qd3 Ne6 28. Qxb5 1-0

[Event "POL-chT U19 2nd League"]
[Site "Chelm Lubelski"]
[Date "2010.07.13"]
[Round "10"]
[White "Jasnikowska, Malgorzata"]
[Black "Graczyk, Natalia"]
[Result "1-0"]
[WhiteElo "1679"]
[BlackElo "1637"]
[PlyCount "63"]
[EventDate "2010.07.06"]
[EventType "team-tourn"]
[EventRounds "11"]
[EventCountry "POL"]
[SourceTitle "EXT 2011"]
[Source "ChessBase"]
[SourceDate "2010.11.26"]
[SourceVersion "1"]
[SourceVersionDate "2010.11.26"]
[SourceQuality "1"]
[WhiteTeam "Ostrow Wielkopolski II"]
[BlackTeam "Gorlice GKSz Kornuty U19"]
[WhiteTeamCountry "POL"]
[BlackTeamCountry "POL"]

1. e4 c5 2. Nf3 d6 3. d4 cxd4 4. Nxd4 Nf6 5. Nc3 g6 6. f4 Bg7 7. e5 dxe5 8. fxe5 Nh5 9. Bb5+ Bd7 10. g4 Bxe5 11. gxh5 0-0 12. Bh6 Re8 13. Qd2 Nc6 14. Bxc6 bxc6 15. hxg6 hxg6 16. Rg1 Qc7 17. 0-0-0 Red8 18. h4 c5 19. Nf3 Bc6 20. Qe3 Bxf3 21. Qxf3 Qa5 22. Rdf1 Bf6 23. Bg5 Bxc3 24. Qxf7+ Kh8 25. Qb3 Bd4 26. Bf4 e5 27. Rxg6 Rab8 28. Rh6+ Kg7 29. Qg3+ Kf8 30. Bxe5+ Ke8 31. Qg8+ Kd7 32. Qd5+ 1-0

[Event "POL-chT U19 2nd League"]
[Site "Chelm Lubelski"]
[Date "2010.07.08"]
[Round "4"]
[White "Kaczor, Katarzyna"]
[Black "Graczyk, Natalia"]
[Result "1-0"]
[WhiteElo "1664"]
[BlackElo "1637"]
[PlyCount "81"]
[EventDate "2010.07.06"]
[EventType "team-tourn"]
[EventRounds "11"]
[EventCountry "POL"]
[SourceTitle "EXT 2011"]
[Source "ChessBase"]
[SourceDate "2010.11.26"]
[SourceVersion "1"]
[SourceVersionDate "2010.11.26"]
[SourceQuality "1"]
[WhiteTeam "Kielce Fart U19"]
[BlackTeam "Gorlice GKSz Kornuty U19"]
[WhiteTeamCountry "POL"]
[BlackTeamCountry "POL"]

1. e4 c6 2. d4 d5 3. e5 Bf5 4. Ne2 e6 5. Ng3 Bg6 6. h4 h6 7. h5 Bh7 8. Bd3 Bxd3 9. cxd3 Qb6 10. Be3 Qxb2 11. Nd2 Bb4 12. 0-0 Bxd2 13. Rb1 Qa3 14. Qxd2 b6 15. Qe2 Qe7 16. f4 f5 17. exf6 Nxf6 18. f5 e5 19. dxe5 Qxe5 20. Rbe1 0-0 21. Qf3 Qb2 22. Re2 Qb5 23. Bd4 Nbd7 24. Re7 Qa4 25. Qe3 Rae8 26. Re6 c5 27. Bb2 Qxa2 28. Qf2 Qb3 29. Qe2 a5 30. Re1 a4 31. Qd2 a3 32. Ba1 Ra8 33. Re7 c4 34. R7e3 b5 35. dxc4 Qxc4 36. Rc1 Qa4 37. Ne2 Ne4 38. Qxd5+ Kh8 39. Rxe4 Qa7+ 40. Bd4 Nb6 41. Qxb5 1-0

[Event "Polanica Zdroj op-C 45th"]
[Site "Polanica Zdroj"]
[Date "2009.08.21"]
[Round "4"]
[White "Graczyk, Natalia"]
[Black "Smolka, Marcin"]
[Result "0-1"]
[WhiteElo "1675"]
[BlackElo "1897"]
[PlyCount "42"]
[EventDate "2009.08.18"]
[EventType "swiss"]
[EventRounds "9"]
[EventCountry "POL"]
[SourceTitle "CBM 132 Extra"]
[Source "ChessBase"]
[SourceDate "2009.11.03"]
[SourceVersion "1"]
[SourceVersionDate "2009.11.03"]
[SourceQuality "1"]

1. e4 e5 2. Nf3 Nc6 3. Bb5 a6 4. Ba4 Nf6 5. 0-0 Nxe4 6. Re1 Nc5 7. Bxc6 dxc6 8. d4 Ne6 9. Nxe5 Be7 10. c3 0-0 11. Qh5 c5 12. dxc5 Nxc5 13. Rd1 Bd6 14. Nxf7 Rxf7 15. Be3 Ne4 16. Rd4 Nf6 17. Qg5 Qe7 18. Nd2 Qe5 19. Nc4 Qxh2+ 20. Kf1 Qh1+ 21. Ke2 Qxa1 0-1

[Event "POL-chT 2nd League"]
[Site "Ustron"]
[Date "2008.09.07"]
[Round "2.96"]
[White "Graczyk, Natalia"]
[Black "Leszner, Liliana"]
[Result "0-1"]
[WhiteElo "1723"]
[BlackElo "2140"]
[PlyCount "96"]
[EventDate "2008.09.06"]
[EventType "team-swiss"]
[EventRounds "9"]
[EventCountry "POL"]
[SourceTitle "EXT 2015"]
[Source "ChessBase"]
[SourceDate "2014.11.20"]
[SourceVersion "1"]
[SourceVersionDate "2014.11.20"]
[SourceQuality "1"]
[WhiteTeam "Katowice Hetman Szopienice II"]
[BlackTeam "Milanowek UKS Jedwabnik"]
[WhiteTeamCountry "POL"]
[BlackTeamCountry "POL"]

1. e4 g6 2. d4 d6 3. f4 Bg7 4. Nf3 Nf6 5. Nc3 c5 6. dxc5 Qa5 7. Bd2 Qxc5 8. Bd3 0-0 9. Qe2 Nc6 10. Qe3 Qa5 11. 0-0 Ng4 12. Qe2 Qh5 13. h3 Nf6 14. Ng5 Qxe2 15. Bxe2 h6 16. Nf3 Be6 17. a3 Rac8 18. Be3 Nh5 19. Kh2 f5 20. Nh4 Nxf4 21. Bxf4 g5 22. Bxg5 hxg5 23. Nxf5 Be5+ 24. Kh1 Bxf5 25. Rxf5 Rxf5 26. exf5 Bxc3 27. bxc3 Ne5 28. c4 Nxc4 29. Bxc4+ Rxc4 30. Rb1 b6 31. Rb2 Rc5 32. g4 Rc3 33. Rb3 Rxc2 34. Re3 Kf7 35. Re6 Rc3 36. Kg2 Rxa3 37. Rg6 b5 38. Rxg5 b4 39. f6 exf6 40. Rb5 a5 41. h4 b3 42. h5 a4 43. Rb7+ Kg8 44. h6 Ra2+ 45. Kh3 Rc2 46. Kh4 Rh2+ 47. Kg3 Rxh6 48. Rb4 Rh1 0-1

[Event "POL 14th Olympiade U14 Girls"]
[Site "Szczawno Zdroj"]
[Date "2008.04.29"]
[Round "4"]
[White "Lach, Aleksandra"]
[Black "Graczyk, Natalia"]
[Result "1-0"]
[WhiteElo "2063"]
[BlackElo "1727"]
[PlyCount "75"]
[EventDate "2008.04.27"]
[EventType "swiss"]
[EventRounds "10"]
[EventCountry "POL"]
[SourceTitle "EXT 2009"]
[Source "ChessBase"]
[SourceDate "2008.11.26"]
[SourceVersion "1"]
[SourceVersionDate "2008.11.26"]
[SourceQuality "1"]

1. e4 c5 2. Nf3 e6 3. d4 d5 4. e5 Nc6 5. c3 Bd7 6. Be2 Nge7 7. Na3 cxd4 8. cxd4 Nf5 9. Nc2 Qb6 10. 0-0 Rc8 11. Kh1 Be7 12. Rb1 Nb4 13. Nxb4 Bxb4 14. Bg5 h6 15. Bf4 0-0 16. g4 Ne7 17. a3 g5 18. Bxg5 hxg5 19. axb4 Kg7 20. Qd2 Rh8 21. Qxg5+ Kf8 22. Qf6 Rg8 23. Bd3 Bb5 24. Bxb5 Qxb5 25. Ng5 Rxg5 26. Qxg5 Qd3 27. Qe3 Qg6 28. h3 Rc4 29. Rfc1 Rxb4 30. f3 Kg7 31. h4 Nc6 32. h5 Qh7 33. Kg2 Rxd4 34. Kg3 Kf8 35. Rd1 Ra4 36. Rbc1 Ke8 37. h6 Kf8 38. Rxc6 1-0

[Event "POL 14th Olympiade U14 Girls"]
[Site "Szczawno Zdroj"]
[Date "2008.04.28"]
[Round "2"]
[White "Graczyk, Natalia"]
[Black "Wisniowska, Klaudia"]
[Result "0-1"]
[WhiteElo "1727"]
[BlackElo "1897"]
[PlyCount "74"]
[EventDate "2008.04.27"]
[EventType "swiss"]
[EventRounds "10"]
[EventCountry "POL"]
[SourceTitle "EXT 2009"]
[Source "ChessBase"]
[SourceDate "2008.11.26"]
[SourceVersion "1"]
[SourceVersionDate "2008.11.26"]
[SourceQuality "1"]

1. e4 c5 2. Nc3 Nc6 3. Bb5 Nd4 4. d3 g6 5. Nge2 Nxb5 6. Nxb5 Bg7 7. 0-0 d6 8. c4 Nf6 9. Rb1 0-0 10. f4 a6 11. Nbc3 Rb8 12. Bd2 b5 13. Qe1 bxc4 14. dxc4 e6 15. h3 d5 16. e5 Ne8 17. cxd5 exd5 18. b3 Rb6 19. Na4 Rc6 20. Ba5 Qe7 21. Kh1 f6 22. Nxc5 Qxc5 23. Bb4 Qe3 24. Bxf8 Bxf8 25. Rf3 Qb6 26. Nc3 Be6 27. Na4 Qc7 28. Qf1 Bg7 29. exf6 Nxf6 30. Re1 Ne4 31. Rd3 Rc2 32. Re2 Rxe2 33. Qxe2 Qxf4 34. Rf3 Qc1+ 35. Kh2 Bd4 36. Rf1 Qc7+ 37. g3 Qxg3+ 0-1